[Event "DEM U16w 2025"]
[Site "Willingen GER"]
[Date "2025.06.08"]
[Round "2"]
[White "Müller, Riyanna"]
[Black "Kopylov, Diana"]
[Result "1-0"]
[Termination "normal"]
[Board "1"]
[WhiteTitle "WCM"]
[WhiteElo "2056"]
[BlackElo "1890"]
[WhiteClock "00:33:19"]
[BlackClock "00:21:39"]
[PlyCount "97"]
[WhiteFideId "16287401"]
[BlackFideId "16268865"]
[EventCountry "GER"]
[EventRounds "9"]
[EventType "swiss"]
[EventDate "2025.06.07"]

1. e4 {[%clk 01:30:57]} {[%emt 00:00:03]} c5 {[%clk 01:30:55]} {[%emt
00:00:07]} 2. c3 {[%clk 01:31:20]} {[%emt 00:00:05]} d5 {[%clk 01:31:20]}
{[%emt 00:00:06]} 3. exd5 {[%clk 01:31:36]} {[%emt 00:00:14]} Qxd5 {[%clk
01:31:22]} {[%emt 00:00:29]} 4. d4 {[%clk 01:31:45]} {[%emt 00:00:21]} Nf6
{[%clk 01:31:32]} {[%emt 00:00:19]} 5. Nf3 {[%clk 01:31:47]} {[%emt 00:00:27]}
e6 {[%clk 01:31:06]} {[%emt 00:00:57]} 6. Be3 {[%clk 01:31:54]} {[%emt
00:00:22]} cxd4 {[%clk 01:31:31]} {[%emt 00:00:07]} 7. cxd4 {[%clk 01:32:08]}
{[%emt 00:00:15]} Bb4+ {[%clk 01:31:39]} {[%emt 00:00:21]} 8. Nc3 {[%clk
01:32:09]} {[%emt 00:00:29]} Bd7 {[%clk 01:31:25]} {[%emt 00:00:45]} 9. Nd2
{[%clk 01:23:19]} {[%emt 00:09:19]} Bxc3 {[%clk 01:30:49]} {[%emt 00:01:06]}
10. bxc3 {[%clk 01:23:40]} {[%emt 00:00:10]} O-O {[%clk 01:29:27]} {[%emt
00:01:51]} 11. c4 {[%clk 01:20:38]} {[%emt 00:03:33]} Qa5 {[%clk 01:28:29]}
{[%emt 00:01:28]} 12. Bd3 {[%clk 01:18:44]} {[%emt 00:02:24]} Qc3 {[%clk
01:21:03]} {[%emt 00:07:56]} 13. Bc2 {[%clk 01:04:53]} {[%emt 00:14:20]} Nc6
{[%clk 01:17:24]} {[%emt 00:04:09]} 14. Rc1 {[%clk 01:05:15]} {[%emt 00:00:09]}
Qb2 {[%clk 01:11:47]} {[%emt 00:06:06]} 15. Nf3 {[%clk 00:57:31]} {[%emt
00:08:15]} Qxa2 {[%clk 01:09:58]} {[%emt 00:02:19]} 16. O-O {[%clk 00:54:30]}
{[%emt 00:03:30]} h6 {[%clk 01:00:21]} {[%emt 00:10:08]} 17. Bb3 {[%clk
00:47:58]} {[%emt 00:07:02]} Qa5 {[%clk 01:00:08]} {[%emt 00:00:43]} 18. d5
{[%clk 00:47:06]} {[%emt 00:01:21]} Ne7 {[%clk 00:57:45]} {[%emt 00:02:53]} 19.
Bd4 {[%clk 00:45:54]} {[%emt 00:01:42]} Kh8 {[%clk 00:48:32]} {[%emt 00:09:43]}
20. Bxf6 {[%clk 00:45:03]} {[%emt 00:01:22]} gxf6 {[%clk 00:48:17]} {[%emt
00:00:45]} 21. Qd4 {[%clk 00:44:23]} {[%emt 00:01:09]} Ng8 {[%clk 00:46:04]}
{[%emt 00:02:43]} 22. Bc2 {[%clk 00:41:09]} {[%emt 00:03:45]} Qd8 {[%clk
00:43:13]} {[%emt 00:03:20]} 23. Rfd1 {[%clk 00:38:17]} {[%emt 00:03:22]} Re8
{[%clk 00:40:03]} {[%emt 00:03:40]} 24. Qd3 {[%clk 00:36:27]} {[%emt 00:02:20]}
f5 {[%clk 00:38:55]} {[%emt 00:01:38]} 25. Ne5 {[%clk 00:36:50]} {[%emt
00:00:07]} Rf8 {[%clk 00:32:53]} {[%emt 00:06:33]} 26. Qh3 {[%clk 00:30:11]}
{[%emt 00:07:08]} Qe7 {[%clk 00:22:39]} {[%emt 00:10:45]} 27. Nxd7 {[%clk
00:30:14]} {[%emt 00:00:27]} Qxd7 {[%clk 00:21:54]} {[%emt 00:01:15]} 28. dxe6
{[%clk 00:30:21]} {[%emt 00:00:23]} Qxe6 {[%clk 00:22:08]} {[%emt 00:00:16]}
29. Bxf5 {[%clk 00:30:38]} {[%emt 00:00:12]} Qf6 {[%clk 00:20:37]} {[%emt
00:02:01]} 30. Be4 {[%clk 00:29:11]} {[%emt 00:01:57]} Rab8 {[%clk 00:18:32]}
{[%emt 00:02:36]} 31. Qa3 {[%clk 00:27:53]} {[%emt 00:01:46]} Qa6 {[%clk
00:14:15]} {[%emt 00:04:48]} 32. Qc3+ {[%clk 00:23:07]} {[%emt 00:05:16]} Qf6
{[%clk 00:12:53]} {[%emt 00:01:52]} 33. Qa5 {[%clk 00:23:25]} {[%emt 00:00:13]}
a6 {[%clk 00:11:22]} {[%emt 00:02:01]} 34. h3 {[%clk 00:21:45]} {[%emt
00:02:09]} Ne7 {[%clk 00:09:02]} {[%emt 00:02:51]} 35. c5 {[%clk 00:19:46]}
{[%emt 00:02:30]} Nc6 {[%clk 00:07:57]} {[%emt 00:01:34]} 36. Bxc6 {[%clk
00:19:37]} {[%emt 00:00:39]} bxc6 {[%clk 00:05:44]} {[%emt 00:02:44]} 37. Rd6
{[%clk 00:18:40]} {[%emt 00:01:24]} Qg5 {[%clk 00:04:54]} {[%emt 00:01:20]} 38.
Qc3+ {[%clk 00:18:57]} {[%emt 00:00:14]} Kh7 {[%clk 00:04:25]} {[%emt
00:00:59]} 39. Rxc6 {[%clk 00:17:20]} {[%emt 00:02:08]} Rg8 {[%clk 00:01:30]}
{[%emt 00:03:24]} 40. g3 {[%clk 00:12:39]} {[%emt 00:05:12]} a5 {[%clk
00:00:50]} {[%emt 00:01:11]} 41. Rd1 {[%clk 00:08:12]} {[%emt 00:04:53]} Qh5
{[%clk 00:29:03]} {[%emt 00:02:19]} 42. Qc2+ {[%clk 00:38:19]} {[%emt
00:00:23]} Kh8 {[%clk 00:28:18]} {[%emt 00:01:15]} 43. Rdd6 {[%clk 00:38:01]}
{[%emt 00:00:48]} Kg7 {[%clk 00:26:33]} {[%emt 00:02:15]} 44. Qc3+ {[%clk
00:35:10]} {[%emt 00:03:21]} Kh7 {[%clk 00:26:34]} {[%emt 00:00:29]} 45. Qe3
{[%clk 00:32:15]} {[%emt 00:03:25]} Rg6 {[%clk 00:24:13]} {[%emt 00:02:51]} 46.
Rxg6 {[%clk 00:32:24]} {[%emt 00:00:22]} fxg6 {[%clk 00:22:38]} {[%emt
00:02:04]} 47. Qe7+ {[%clk 00:32:42]} {[%emt 00:00:12]} Kh8 {[%clk 00:22:12]}
{[%emt 00:00:56]} 48. Rc7 {[%clk 00:33:01]} {[%emt 00:00:12]} Qd1+ {[%clk
00:21:39]} {[%emt 00:01:03]} 49. Kh2 {[%clk 00:33:19]} {[%emt 00:00:10]} 1-0

[Event "DEM U16w 2025"]
[Site "Willingen GER"]
[Date "2025.06.08"]
[Round "2"]
[White "Neininger, Sarah"]
[Black "Trunz, Tamila"]
[Result "1-0"]
[Termination "normal"]
[Board "2"]
[WhiteElo "1857"]
[BlackElo "2053"]
[WhiteClock "00:12:34"]
[BlackClock "00:04:50"]
[PlyCount "59"]
[WhiteFideId "16287410"]
[BlackFideId "16267885"]
[EventCountry "GER"]
[EventRounds "9"]
[EventType "swiss"]
[EventDate "2025.06.07"]

1. e4 {[%clk 01:30:57]} {[%emt 00:00:02]} c5 {[%clk 01:30:45]} {[%emt
00:00:15]} 2. Nf3 {[%clk 01:31:16]} {[%emt 00:00:12]} e6 {[%clk 01:30:39]}
{[%emt 00:00:35]} 3. d4 {[%clk 01:31:37]} {[%emt 00:00:09]} cxd4 {[%clk
01:30:42]} {[%emt 00:00:28]} 4. Nxd4 {[%clk 01:32:00]} {[%emt 00:00:06]} Nc6
{[%clk 01:30:54]} {[%emt 00:00:19]} 5. Nc3 {[%clk 01:32:20]} {[%emt 00:00:10]}
Qc7 {[%clk 01:30:22]} {[%emt 00:01:02]} 6. Be3 {[%clk 01:31:31]} {[%emt
00:01:19]} a6 {[%clk 01:30:15]} {[%emt 00:00:37]} 7. Be2 {[%clk 01:29:29]}
{[%emt 00:02:32]} Nf6 {[%clk 01:28:35]} {[%emt 00:02:10]} 8. O-O {[%clk
01:28:37]} {[%emt 00:01:22]} Be7 {[%clk 01:28:28]} {[%emt 00:00:36]} 9. f4
{[%clk 01:25:20]} {[%emt 00:03:48]} d6 {[%clk 01:28:23]} {[%emt 00:00:35]} 10.
Kh1 {[%clk 01:24:29]} {[%emt 00:01:21]} O-O {[%clk 01:27:31]} {[%emt 00:01:22]}
11. Qe1 {[%clk 01:18:07]} {[%emt 00:06:51]} Nxd4 {[%clk 01:24:52]} {[%emt
00:03:10]} 12. Bxd4 {[%clk 01:18:20]} {[%emt 00:00:16]} b5 {[%clk 01:21:08]}
{[%emt 00:04:15]} 13. Qg3 {[%clk 01:12:40]} {[%emt 00:06:10]} Bb7 {[%clk
01:14:27]} {[%emt 00:07:11]} 14. Bd3 {[%clk 01:05:01]} {[%emt 00:08:08]} Nh5
{[%clk 01:01:38]} {[%emt 00:13:20]} 15. Qg4 {[%clk 00:54:15]} {[%emt 00:11:14]}
g6 {[%clk 00:45:00]} {[%emt 00:17:10]} 16. f5 {[%clk 00:47:01]} {[%emt
00:07:44]} e5 {[%clk 00:42:25]} {[%emt 00:03:05]} 17. Be3 {[%clk 00:47:11]}
{[%emt 00:00:20]} Nf6 {[%clk 00:42:13]} {[%emt 00:00:41]} 18. Qf3 {[%clk
00:43:54]} {[%emt 00:03:45]} Qc6 {[%clk 00:27:20]} {[%emt 00:15:25]} 19. Bg5
{[%clk 00:40:34]} {[%emt 00:03:47]} Qd7 {[%clk 00:13:44]} {[%emt 00:14:09]} 20.
Bh6 {[%clk 00:28:27]} {[%emt 00:12:37]} Rfe8 {[%clk 00:13:48]} {[%emt
00:00:26]} 21. g4 {[%clk 00:26:26]} {[%emt 00:02:31]} b4 {[%clk 00:13:28]}
{[%emt 00:00:50]} 22. g5 {[%clk 00:25:58]} {[%emt 00:00:58]} Nh5 {[%clk
00:06:10]} {[%emt 00:07:49]} 23. fxg6 {[%clk 00:22:33]} {[%emt 00:03:54]} fxg6
{[%clk 00:06:28]} {[%emt 00:00:13]} 24. Bc4+ {[%clk 00:13:43]} {[%emt
00:09:20]} Kh8 {[%clk 00:06:41]} {[%emt 00:00:16]} 25. Nd5 {[%clk 00:14:05]}
{[%emt 00:00:09]} Rf8 {[%clk 00:04:22]} {[%emt 00:02:49]} 26. Bxf8 {[%clk
00:13:26]} {[%emt 00:01:08]} Rxf8 {[%clk 00:04:46]} {[%emt 00:00:06]} 27. Qxf8+
{[%clk 00:11:23]} {[%emt 00:02:34]} Bxf8 {[%clk 00:05:10]} {[%emt 00:00:05]}
28. Rxf8+ {[%clk 00:11:50]} {[%emt 00:00:04]} Kg7 {[%clk 00:05:32]} {[%emt
00:00:08]} 29. Rg8+ {[%clk 00:12:11]} {[%emt 00:00:07]} Kxg8 {[%clk 00:04:50]}
{[%emt 00:01:13]} 30. Nf6+ {[%clk 00:12:34]} {[%emt 00:00:07]} 1-0

[Event "DEM U16w 2025"]
[Site "Willingen GER"]
[Date "2025.06.08"]
[Round "2"]
[White "Vogt, Luna"]
[Black "Lorenz, Veronika"]
[Result "0-1"]
[Termination "normal"]
[Board "4"]
[WhiteElo "1773"]
[BlackElo "1952"]
[WhiteClock "00:29:53"]
[BlackClock "01:09:48"]
[PlyCount "44"]
[WhiteFideId "34607153"]
[BlackFideId "16277406"]
[EventCountry "GER"]
[EventRounds "9"]
[EventType "swiss"]
[EventDate "2025.06.07"]

1. d4 {[%clk 01:30:58]} {[%emt 00:00:02]} Nf6 {[%clk 01:30:59]} {[%emt
00:00:03]} 2. c4 {[%clk 01:31:20]} {[%emt 00:00:07]} g6 {[%clk 01:31:28]}
{[%emt 00:00:01]} 3. Nc3 {[%clk 01:31:45]} {[%emt 00:00:05]} Bg7 {[%clk
01:31:56]} {[%emt 00:00:01]} 4. e4 {[%clk 01:32:07]} {[%emt 00:00:08]} d6
{[%clk 01:32:25]} {[%emt 00:00:01]} 5. Be2 {[%clk 01:32:26]} {[%emt 00:00:13]}
O-O {[%clk 01:32:46]} {[%emt 00:00:09]} 6. Be3 {[%clk 01:32:48]} {[%emt
00:00:08]} e5 {[%clk 01:33:09]} {[%emt 00:00:06]} 7. d5 {[%clk 01:33:08]}
{[%emt 00:00:10]} a5 {[%clk 01:30:00]} {[%emt 00:03:40]} 8. g4 {[%clk
01:30:28]} {[%emt 00:03:09]} Nfd7 {[%clk 01:29:18]} {[%emt 00:01:12]} 9. h4
{[%clk 01:29:21]} {[%emt 00:01:36]} f5 {[%clk 01:27:12]} {[%emt 00:02:36]} 10.
gxf5 {[%clk 01:29:23]} {[%emt 00:00:29]} gxf5 {[%clk 01:27:34]} {[%emt
00:00:08]} 11. f3 {[%clk 01:15:46]} {[%emt 00:14:07]} Na6 {[%clk 01:21:33]}
{[%emt 00:06:32]} 12. Bg5 {[%clk 01:12:53]} {[%emt 00:03:22]} Qe8 {[%clk
01:20:33]} {[%emt 00:01:30]} 13. exf5 {[%clk 01:08:44]} {[%emt 00:04:39]} Ndc5
{[%clk 01:17:16]} {[%emt 00:03:48]} 14. Ne4 {[%clk 01:03:09]} {[%emt 00:06:05]}
Bxf5 {[%clk 01:16:18]} {[%emt 00:01:27]} 15. Ng3 {[%clk 00:58:36]} {[%emt
00:05:02]} e4 {[%clk 01:14:47]} {[%emt 00:02:02]} 16. Nxf5 {[%clk 00:54:56]}
{[%emt 00:04:09]} Rxf5 {[%clk 01:14:54]} {[%emt 00:00:24]} 17. Kd2 {[%clk
00:37:58]} {[%emt 00:17:28]} Bxb2 {[%clk 01:10:49]} {[%emt 00:04:35]} 18. Rb1
{[%clk 00:38:18]} {[%emt 00:00:10]} Qe5 {[%clk 01:10:17]} {[%emt 00:01:01]} 19.
Qc2 {[%clk 00:34:15]} {[%emt 00:04:33]} Qd4+ {[%clk 01:09:47]} {[%emt
00:01:01]} 20. Ke1 {[%clk 00:34:37]} {[%emt 00:00:07]} Nb4 {[%clk 01:09:23]}
{[%emt 00:00:54]} 21. Qd1 {[%clk 00:29:50]} {[%emt 00:05:18]} Ncd3+ {[%clk
01:09:29]} {[%emt 00:00:23]} 22. Kf1 {[%clk 00:29:53]} {[%emt 00:00:26]} Qf2#
{[%clk 01:09:48]} {[%emt 00:00:11]} 0-1

[Event "DEM U16w 2025"]
[Site "Willingen GER"]
[Date "2025.06.08"]
[Round "2"]
[White "Bauer, Laura Sophie"]
[Black "Dedic, Sajra"]
[Result "1/2-1/2"]
[Termination "normal"]
[Board "5"]
[WhiteElo "1979"]
[BlackElo "1657"]
[WhiteClock "00:29:00"]
[BlackClock "00:07:33"]
[PlyCount "54"]
[WhiteFideId "16253647"]
[BlackFideId "14422794"]
[EventCountry "GER"]
[EventRounds "9"]
[EventType "swiss"]
[EventDate "2025.06.07"]

1. e4 {[%clk 01:30:58]} {[%emt 00:00:01]} c5 {[%clk 01:30:56]} {[%emt
00:00:04]} 2. Nf3 {[%clk 01:31:24]} {[%emt 00:00:05]} a6 {[%clk 01:31:22]}
{[%emt 00:00:04]} 3. c4 {[%clk 01:30:51]} {[%emt 00:01:02]} Nc6 {[%clk
01:31:44]} {[%emt 00:00:08]} 4. Nc3 {[%clk 01:30:04]} {[%emt 00:01:17]} e5
{[%clk 01:31:24]} {[%emt 00:00:51]} 5. d3 {[%clk 01:29:26]} {[%emt 00:01:08]}
d6 {[%clk 01:28:35]} {[%emt 00:03:19]} 6. Be2 {[%clk 01:27:28]} {[%emt
00:02:28]} Be7 {[%clk 01:27:13]} {[%emt 00:01:51]} 7. O-O {[%clk 01:24:16]}
{[%emt 00:03:42]} f5 {[%clk 01:27:02]} {[%emt 00:00:41]} 8. exf5 {[%clk
01:20:33]} {[%emt 00:04:13]} Bxf5 {[%clk 01:27:17]} {[%emt 00:00:15]} 9. Nd5
{[%clk 01:20:20]} {[%emt 00:00:43]} Nf6 {[%clk 01:23:52]} {[%emt 00:03:55]} 10.
Nxe7 {[%clk 01:18:03]} {[%emt 00:02:47]} Qxe7 {[%clk 01:23:25]} {[%emt
00:00:57]} 11. Bd2 {[%clk 01:15:49]} {[%emt 00:02:44]} O-O {[%clk 01:18:21]}
{[%emt 00:05:34]} 12. Re1 {[%clk 01:13:56]} {[%emt 00:02:23]} Qd7 {[%clk
01:13:38]} {[%emt 00:05:12]} 13. Bc3 {[%clk 01:05:37]} {[%emt 00:08:49]} b5
{[%clk 01:04:14]} {[%emt 00:09:55]} 14. b3 {[%clk 01:04:55]} {[%emt 00:01:12]}
Ne8 {[%clk 00:55:15]} {[%emt 00:09:28]} 15. Nd2 {[%clk 01:01:24]} {[%emt
00:04:00]} Nc7 {[%clk 00:47:27]} {[%emt 00:08:20]} 16. Nf1 {[%clk 00:58:55]}
{[%emt 00:02:59]} a5 {[%clk 00:39:17]} {[%emt 00:08:41]} 17. Bf3 {[%clk
00:50:38]} {[%emt 00:08:46]} a4 {[%clk 00:29:59]} {[%emt 00:09:48]} 18. Qd2
{[%clk 00:45:52]} {[%emt 00:05:16]} b4 {[%clk 00:24:37]} {[%emt 00:05:53]} 19.
Bb2 {[%clk 00:44:44]} {[%emt 00:01:35]} a3 {[%clk 00:24:52]} {[%emt 00:00:17]}
20. Bc1 {[%clk 00:45:03]} {[%emt 00:00:10]} Rae8 {[%clk 00:22:38]} {[%emt
00:02:44]} 21. Ng3 {[%clk 00:42:49]} {[%emt 00:02:44]} Bg6 {[%clk 00:20:03]}
{[%emt 00:03:06]} 22. Qd1 {[%clk 00:40:53]} {[%emt 00:02:24]} Nd4 {[%clk
00:18:28]} {[%emt 00:02:07]} 23. Bg4 {[%clk 00:39:41]} {[%emt 00:01:41]} Qf7
{[%clk 00:16:33]} {[%emt 00:02:27]} 24. Be3 {[%clk 00:39:44]} {[%emt 00:00:26]}
Nf5 {[%clk 00:12:41]} {[%emt 00:04:22]} 25. Bxf5 {[%clk 00:34:32]} {[%emt
00:05:42]} Bxf5 {[%clk 00:13:03]} {[%emt 00:00:08]} 26. Ne4 {[%clk 00:33:44]}
{[%emt 00:01:18]} Qg6 {[%clk 00:11:32]} {[%emt 00:02:01]} 27. Qd2 {[%clk
00:29:00]} {[%emt 00:05:13]} Bc8 {[%clk 00:07:33]} {[%emt 00:04:30]} 1/2-1/2

[Event "DEM U16w 2025"]
[Site "Willingen GER"]
[Date "2025.06.08"]
[Round "2"]
[White "Mamani Orozco, Camila Guianella"]
[Black "Bezsonna, Polina"]
[Result "0-1"]
[Termination "normal"]
[Board "6"]
[WhiteElo "1689"]
[BlackElo "1972"]
[WhiteClock "00:00:49"]
[BlackClock "00:31:04"]
[PlyCount "60"]
[WhiteFideId "3877663"]
[BlackFideId "14191156"]
[EventCountry "GER"]
[EventRounds "9"]
[EventType "swiss"]
[EventDate "2025.06.07"]

1. d4 {[%clk 01:30:56]} {[%emt 00:00:03]} Nf6 {[%clk 01:30:54]} {[%emt
00:00:06]} 2. c4 {[%clk 01:30:53]} {[%emt 00:00:34]} g6 {[%clk 01:30:39]}
{[%emt 00:00:45]} 3. Nf3 {[%clk 01:30:41]} {[%emt 00:00:41]} Bg7 {[%clk
01:30:43]} {[%emt 00:00:26]} 4. g3 {[%clk 01:29:26]} {[%emt 00:01:44]} c5
{[%clk 01:31:01]} {[%emt 00:00:14]} 5. d5 {[%clk 01:29:18]} {[%emt 00:00:37]}
d6 {[%clk 01:31:19]} {[%emt 00:00:12]} 6. Nc3 {[%clk 01:26:43]} {[%emt
00:03:05]} O-O {[%clk 01:31:21]} {[%emt 00:00:28]} 7. Bg2 {[%clk 01:25:07]}
{[%emt 00:02:05]} e6 {[%clk 01:30:27]} {[%emt 00:01:26]} 8. O-O {[%clk
01:20:03]} {[%emt 00:05:33]} exd5 {[%clk 01:29:41]} {[%emt 00:01:18]} 9. cxd5
{[%clk 01:15:32]} {[%emt 00:04:59]} Re8 {[%clk 01:28:40]} {[%emt 00:01:31]} 10.
Re1 {[%clk 01:12:12]} {[%emt 00:03:49]} a6 {[%clk 01:27:47]} {[%emt 00:01:25]}
11. a4 {[%clk 01:10:41]} {[%emt 00:02:01]} Nbd7 {[%clk 01:16:20]} {[%emt
00:11:57]} 12. a5 {[%clk 00:56:40]} {[%emt 00:14:31]} b5 {[%clk 01:15:57]}
{[%emt 00:00:53]} 13. axb6 {[%clk 00:56:02]} {[%emt 00:01:07]} Nxb6 {[%clk
01:15:38]} {[%emt 00:00:49]} 14. e4 {[%clk 00:50:44]} {[%emt 00:05:48]} Ng4
{[%clk 01:09:16]} {[%emt 00:06:53]} 15. h3 {[%clk 00:44:28]} {[%emt 00:06:44]}
Ne5 {[%clk 01:09:19]} {[%emt 00:00:28]} 16. Nxe5 {[%clk 00:44:16]} {[%emt
00:00:42]} Bxe5 {[%clk 01:09:34]} {[%emt 00:00:15]} 17. f4 {[%clk 00:29:09]}
{[%emt 00:15:34]} Bg7 {[%clk 01:06:23]} {[%emt 00:03:44]} 18. g4 {[%clk
00:18:20]} {[%emt 00:11:19]} Rb8 {[%clk 00:49:59]} {[%emt 00:16:54]} 19. Bf1
{[%clk 00:14:46]} {[%emt 00:04:03]} Qh4 {[%clk 00:49:19]} {[%emt 00:01:11]} 20.
Be3 {[%clk 00:11:06]} {[%emt 00:04:08]} Qg3+ {[%clk 00:42:36]} {[%emt
00:07:16]} 21. Kh1 {[%clk 00:10:18]} {[%emt 00:01:16]} Nc4 {[%clk 00:37:33]}
{[%emt 00:05:34]} 22. Bxc4 {[%clk 00:01:00]} {[%emt 00:09:48]} Rxb2 {[%clk
00:37:41]} {[%emt 00:00:22]} 23. Re2 {[%clk 00:00:51]} {[%emt 00:00:39]} Qxh3+
{[%clk 00:36:12]} {[%emt 00:02:00]} 24. Kg1 {[%clk 00:01:12]} {[%emt 00:00:08]}
Bxc3 {[%clk 00:31:29]} {[%emt 00:05:13]} 25. Rxb2 {[%clk 00:01:13]} {[%emt
00:00:30]} Bxb2 {[%clk 00:31:57]} {[%emt 00:00:01]} 26. Bf2 {[%clk 00:00:44]}
{[%emt 00:00:58]} Bxa1 {[%clk 00:32:01]} {[%emt 00:00:27]} 27. Qxa1 {[%clk
00:01:06]} {[%emt 00:00:07]} Qxg4+ {[%clk 00:31:48]} {[%emt 00:00:44]} 28. Kf1
{[%clk 00:01:14]} {[%emt 00:00:19]} Qxf4 {[%clk 00:30:29]} {[%emt 00:01:52]}
29. Bxa6 {[%clk 00:00:44]} {[%emt 00:01:00]} Bh3+ {[%clk 00:30:41]} {[%emt
00:00:18]} 30. Kg1 {[%clk 00:00:49]} {[%emt 00:00:24]} Qg4+ {[%clk 00:31:04]}
{[%emt 00:00:09]} 0-1

[Event "DEM U16w 2025"]
[Site "Willingen GER"]
[Date "2025.06.08"]
[Round "2"]
[White "Halas, Neele Zoe"]
[Black "Oellrich, Emma"]
[Result "1/2-1/2"]
[Termination "normal"]
[Board "7"]
[WhiteElo "1804"]
[BlackElo "1824"]
[WhiteClock "00:02:30"]
[BlackClock "00:11:10"]
[PlyCount "89"]
[WhiteFideId "16287282"]
[BlackFideId "16268806"]
[EventCountry "GER"]
[EventRounds "9"]
[EventType "swiss"]
[EventDate "2025.06.07"]

1. e4 {[%clk 01:30:39]} {[%emt 00:00:21]} e6 {[%clk 01:30:56]} {[%emt
00:00:04]} 2. Nf3 {[%clk 01:31:02]} {[%emt 00:00:07]} d5 {[%clk 01:31:21]}
{[%emt 00:00:03]} 3. Nc3 {[%clk 01:31:27]} {[%emt 00:00:05]} Nf6 {[%clk
01:31:46]} {[%emt 00:00:06]} 4. e5 {[%clk 01:31:55]} {[%emt 00:00:03]} Nfd7
{[%clk 01:32:03]} {[%emt 00:00:13]} 5. d4 {[%clk 01:32:15]} {[%emt 00:00:11]}
c5 {[%clk 01:32:28]} {[%emt 00:00:04]} 6. Bg5 {[%clk 01:32:39]} {[%emt
00:00:06]} Qa5 {[%clk 01:31:35]} {[%emt 00:01:24]} 7. dxc5 {[%clk 01:23:54]}
{[%emt 00:09:14]} Bxc5 {[%clk 01:29:03]} {[%emt 00:03:01]} 8. a3 {[%clk
01:23:44]} {[%emt 00:00:41]} Qc7 {[%clk 01:17:12]} {[%emt 00:12:20]} 9. Nb5
{[%clk 01:14:28]} {[%emt 00:09:47]} Qb6 {[%clk 01:15:01]} {[%emt 00:02:41]} 10.
Bh4 {[%clk 01:14:48]} {[%emt 00:00:10]} a6 {[%clk 01:14:22]} {[%emt 00:01:09]}
11. Nc3 {[%clk 01:15:07]} {[%emt 00:00:11]} Qc7 {[%clk 01:13:56]} {[%emt
00:00:56]} 12. Bg3 {[%clk 01:07:46]} {[%emt 00:07:51]} Nc6 {[%clk 01:05:40]}
{[%emt 00:08:46]} 13. Nxd5 {[%clk 00:48:10]} {[%emt 00:20:06]} exd5 {[%clk
01:02:19]} {[%emt 00:03:51]} 14. e6 {[%clk 00:48:10]} {[%emt 00:00:31]} Qa5+
{[%clk 01:02:16]} {[%emt 00:00:32]} 15. c3 {[%clk 00:48:31]} {[%emt 00:00:09]}
fxe6 {[%clk 00:58:49]} {[%emt 00:03:57]} 16. b4 {[%clk 00:45:10]} {[%emt
00:03:52]} Qd8 {[%clk 00:57:03]} {[%emt 00:02:15]} 17. bxc5 {[%clk 00:41:41]}
{[%emt 00:03:59]} Qa5 {[%clk 00:51:16]} {[%emt 00:06:17]} 18. Qc2 {[%clk
00:33:43]} {[%emt 00:08:29]} Nxc5 {[%clk 00:49:04]} {[%emt 00:02:41]} 19. Bd3
{[%clk 00:30:15]} {[%emt 00:03:57]} Nxd3+ {[%clk 00:44:36]} {[%emt 00:04:59]}
20. Qxd3 {[%clk 00:30:34]} {[%emt 00:00:11]} Ne7 {[%clk 00:39:51]} {[%emt
00:05:14]} 21. Be5 {[%clk 00:27:53]} {[%emt 00:03:12]} Bd7 {[%clk 00:21:11]}
{[%emt 00:19:09]} 22. Bxg7 {[%clk 00:24:17]} {[%emt 00:04:08]} Bb5 {[%clk
00:21:04]} {[%emt 00:00:36]} 23. Qc2 {[%clk 00:20:12]} {[%emt 00:04:36]} Ba4
{[%clk 00:11:30]} {[%emt 00:10:04]} 24. Qd3 {[%clk 00:09:11]} {[%emt 00:11:31]}
Bb5 {[%clk 00:09:20]} {[%emt 00:02:41]} 25. Qc2 {[%clk 00:09:35]} {[%emt
00:00:06]} Ba4 {[%clk 00:09:44]} {[%emt 00:00:04]} 26. Qb1 {[%clk 00:09:51]}
{[%emt 00:00:15]} O-O-O {[%clk 00:08:10]} {[%emt 00:02:04]} 27. Bxh8 {[%clk
00:09:25]} {[%emt 00:00:55]} Rxh8 {[%clk 00:08:36]} {[%emt 00:00:06]} 28. O-O
{[%clk 00:08:41]} {[%emt 00:01:13]} Ng6 {[%clk 00:08:42]} {[%emt 00:00:24]} 29.
Qb4 {[%clk 00:08:05]} {[%emt 00:01:06]} Qb5 {[%clk 00:08:47]} 30. Rfe1 {[%clk
00:05:08]} {[%emt 00:03:52]} Qc6 {[%clk 00:07:06]} {[%emt 00:02:11]} 31. Nd4
{[%clk 00:04:53]} {[%emt 00:00:45]} Qd7 {[%clk 00:07:00]} {[%emt 00:00:36]} 32.
Nxe6 {[%clk 00:04:28]} {[%emt 00:00:55]} Bc6 {[%clk 00:07:27]} {[%emt
00:00:02]} 33. Nd4 {[%clk 00:03:17]} {[%emt 00:01:41]} Rg8 {[%clk 00:07:39]}
{[%emt 00:00:18]} 34. Nxc6 {[%clk 00:03:24]} {[%emt 00:00:24]} Qxc6 {[%clk
00:07:58]} {[%emt 00:00:12]} 35. Qg4+ {[%clk 00:03:16]} {[%emt 00:00:36]} Kb8
{[%clk 00:08:08]} 36. Qg3+ {[%clk 00:03:16]} Ka8 {[%clk 00:08:08]} 37. Ra2
{[%clk 00:03:16]} Qd7 {[%clk 00:07:42]} {[%emt 00:04:11]} 38. f3 {[%clk
00:01:29]} {[%emt 00:00:53]} Qf7 {[%clk 00:07:28]} {[%emt 00:00:44]} 39. Qf2
{[%clk 00:01:34]} {[%emt 00:00:26]} Nf4 {[%clk 00:07:54]} {[%emt 00:00:03]} 40.
Qd4 {[%clk 00:01:28]} {[%emt 00:00:35]} Qf5 {[%clk 00:04:48]} {[%emt 00:03:37]}
41. Kh1 {[%clk 00:23:32]} {[%emt 00:08:26]} h5 {[%clk 00:19:26]} {[%emt
00:15:52]} 42. Qe5 {[%clk 00:17:12]} {[%emt 00:06:51]} Qf7 {[%clk 00:19:09]}
{[%emt 00:00:46]} 43. Qe7 {[%clk 00:16:10]} {[%emt 00:01:32]} Qg6 {[%clk
00:15:12]} {[%emt 00:04:27]} 44. Rb2 {[%clk 00:15:33]} {[%emt 00:01:07]} Rb8
{[%clk 00:11:10]} {[%emt 00:04:32]} 45. Rd2 {[%clk 00:02:30]} {[%emt 00:13:33]}
1/2-1/2